World Capitals By Picture #1 - Statistics

General Stats
  • This quiz has been taken 45 times
    44 since last reset
  • The average score is 8 of 9
Answer Stats
Picture Answer % Correct
Cairo
100%
London
100%
Moscow
100%
Athens
97%
Beijing
97%
Tokyo
95%
Washington D.C.
95%
Cape Town
85%
Panama
23%
No matching quizzes found
Score Distribution
Percent of People with Each Score
Percentile by Number Answered
Your Score History
You have not taken this quiz since the last reset